<?xml version="1.0" encoding="UTF-8"?>
<collection xmlns="http://www.loc.gov/MARC21/slim">
 <record>
  <leader>03577nam a2200217Ia 4500</leader>
  <controlfield tag="001">CTU_239603</controlfield>
  <controlfield tag="008">210402s9999    xx            000 0 und d</controlfield>
  <datafield tag="082" ind1=" " ind2=" ">
   <subfield code="a">663.13</subfield>
  </datafield>
  <datafield tag="082" ind1=" " ind2=" ">
   <subfield code="b">Ph561</subfield>
  </datafield>
  <datafield tag="088" ind1=" " ind2=" ">
   <subfield code="a">9540101</subfield>
  </datafield>
  <datafield tag="100" ind1=" " ind2=" ">
   <subfield code="a">Đỗ, Viết Phương</subfield>
  </datafield>
  <datafield tag="245" ind1=" " ind2="0">
   <subfield code="a">Nghiên cứu quá trình tiền xử lý và hệ vi sinh vật phân giải vỏ quả cà phê vối (Coffea robusta) để lên men tạo ethanol :</subfield>
  </datafield>
  <datafield tag="245" ind1=" " ind2="0">
   <subfield code="b">Luận án Tiến sĩ. Chuyên ngành Công nghệ thực phẩm</subfield>
  </datafield>
  <datafield tag="245" ind1=" " ind2="0">
   <subfield code="c">Đỗ Viết Phương ; Lê Nguyễn Đoan Duy, Phạm Văn Tấn (Cán bộ hướng dẫn)</subfield>
  </datafield>
  <datafield tag="260" ind1=" " ind2=" ">
   <subfield code="a">Cần Thơ</subfield>
  </datafield>
  <datafield tag="260" ind1=" " ind2=" ">
   <subfield code="b">Trường Đại học Cần Thơ</subfield>
  </datafield>
  <datafield tag="260" ind1=" " ind2=" ">
   <subfield code="c">2020</subfield>
  </datafield>
  <datafield tag="520" ind1=" " ind2=" ">
   <subfield code="a">Nghiên cứu được thực hiện nhằm xác định phương pháp tiền xử lý thích hợp nhất trên đối tượng vỏ quả cà phê vối (Coffea robusta). Đồng thời, nghiên cứu cũng tập trung thu nhận chế phẩm enzyme cellulase từ nấm mốc phân lập được từ quả cà phê. Sau đó là quá trình ứng dụng enzyme này vào quá trình thủy phân vỏ quả cà phê và so sánh hiệu quả thủy phân với enzyme thương mại. Bên cạnh đó, việc đưa ra chế độ khử độc dịch thủy phân, thiết lập các thông số cho quá trình lên men tạo ethanol cũng được quan tâm nghiên cứu. Nội dung nghiên cứu đầu tiên là quá trình khử bớt caffeine và polyphenol trong vỏ quả cà phê bằng ba phương pháp trích ly khác nhau bao gồm: Trích ly thông thường, trích ly có sự hỗ trợ của vi sóng và trích ly có sự hỗ trợ của siêu âm. Tiếp sau đó là các thí nghiệm khảo sát sự ảnh hưởng của các tác nhân tiền xử lý acid, kiềm, vi sóng và vi sinh vật hay sự kết hợp của các tác nhân đến mức độ suy giảm hemicellulose và lignin. Trong nội dung thứ hai, tiến hành phân lập nấm mốc có khả năng sinh tổng hợp enzyme cellulase từ các nguồn: đất trồng, quả cà phê, thân cành lá. Sau đó là quá trình thu nhận enzyme cellulase từ nấm mốc đã phân lập được bằng các tác nhân gây kết tủa khác nhau bao gồm: (NH₄) ₂SO₄, NaCl, ethanol và acetone. Enzyme thu nhận được cùng với enzyme thương mại được sử dụng để thủy phân vỏ quả cà phê và so sánh hiệu quả thủy phân là những vấn đề cơ bản trong nội dung 3. Bên cạnh đó, để đảm bảo cho quá trình lên men được thuận lợi thì dịch thủy phân cần phải được kiểm tra và loại bỏ một số chất có độc tính đối với nấm men. Nội dung cuối cùng là khảo sát một số yếu tố chính ảnh hưởng đến quá trình lên men cũng như là khảo sát một số phương pháp lên men khác nhau.</subfield>
  </datafield>
  <datafield tag="650" ind1=" " ind2=" ">
   <subfield code="a">Công nghệ lên men sản phẩm,Fermentation products industry</subfield>
  </datafield>
  <datafield tag="910" ind1=" " ind2=" ">
   <subfield code="c">tvtrong</subfield>
  </datafield>
  <datafield tag="980" ind1=" " ind2=" ">
   <subfield code="a">Trung tâm Học liệu Trường Đại học Cần Thơ</subfield>
  </datafield>
 </record>
</collection>
